000 01658cad a2200349aa 4500
001 L152885
008 110517s2011 xxk 000 0 eng u
020 _a9781842196687
035 _a(Sirsi) u152885
041 0 _aeng
050 0 4 _a346.4104342 $2 18
110 2 _aRoyal Institution of Chartered Surveyors
_94900
245 0 0 _aService charges in commercial property UK
_bRICS code of practice
_c[old edition]
250 _a2nd ed.
260 _aCoventry
_bRICS
_c2011
490 0 _aRICS Code of Practice
490 0 _aRICS Guidance Note
505 2 _aIntroduction -- The code -- Recommended best practice to support the core principles -- Appendices -- Additional Information.
520 _aAims to improve standards and promote best practice in the management and administration of service charges in commercial property, thus reducing the causes of disputes.
520 _aSuperseded by 3rd edition in February 2014, (L158040), ISBN 9781783210381. Supersedes first edition (ISBN 9781842193007).
590 _aKA
651 4 _aEngland and Wales
_y1543-
690 _aPROPERTY-COMMERCIAL PROPERTY-LEASEHOLD COMMERCIAL PROPERTY-COMMERCIAL LANDLORD AND TENANT-COMMERCIAL SERVICE CHARGES
710 2 _aBritish Council for Offices
_93992
710 2 _aBritish Council of Shopping Centres
_91982
710 2 _aBritish Property Federation
_91604
710 2 _aBritish Retail Consortium
_91582
710 2 _aProperty Managers Association
_9213
710 1 _aCorenet Global
_94279
856 4 0 _uhttps://www.isurv.com/downloads/download/192/service_charges_in_commercial_property
_zArchived on isurv (subscription required)
942 _n0
_2ddc
999 _c112247
_d112247